000 00311nam a2200133 a 4500
008 090930s1980|||| d
100 1 _aAndruška,P.
245 1 0 _aDvaja zo strieborného lesa
260 _bMladé letá
_aBratislava
_c1980
020 _c21
041 _aslo
044 _axo
_cSK
080 _a885.4-32
999 _c226
_d226